Proces harmonizace daně z přidané hodnoty v Evropské unii

Analýza procesu harmonizácie dane z pridanej hodnoty. Zhodnotenie smerníc Rady medzi rokmi 1967-2009.

Saved in:
Bibliographic Details
Main Author: Verdan, Pavel Beer
Format: Book Chapter
Language:Czech
Subjects:
Tags: Add Tag
No Tags, Be the first to tag this record!

MARC

LEADER 00000naa a2200000 4500
001 0123271
005 20231128130850.8
041 0 |a cze 
044 |a CZ 
245 1 0 |a Proces harmonizace daně z přidané hodnoty v Evropské unii  |c Pavel Beer Verdan 
520 |a Analýza procesu harmonizácie dane z pridanej hodnoty. Zhodnotenie smerníc Rady medzi rokmi 1967-2009. 
610 2 0 |a harmonizácia 
610 2 0 |a Rada Európy 
610 2 0 |a predpisy právne 
610 2 0 |a smernice 
610 2 0 |a Česko 
610 2 0 |a dane z hodnoty pridanej 
100 1 |a Verdan, Pavel Beer